| 000 | 01108nam a22003257a 4500 | ||
|---|---|---|---|
| 003 | CHAP | ||
| 005 | 20220329143700.0 | ||
| 008 | 110117s2009 mx a r 00010 spa d | ||
| 010 | _a100255 | ||
| 011 | _a101227 | ||
| 020 | _a9786074297461 | ||
| 035 | _a111914 | ||
| 040 | _cCHAP | ||
| 082 | 0 | 4 |
_a305.230972 _bUn31 |
| 110 | 1 |
_aFondo de las Naciones Unidas para la Infancia. México _942109 |
|
| 245 | 1 | 4 |
_aUna mirada hacia la infancia y la adolescencia en México _c/por Fondo de las Naciones Unidas para la Infancia |
| 260 |
_aMéxico, D.F. : _b[DEBATE], _cc2009 |
||
| 300 |
_a254 p. : _bilus., cuadros, diagramas, gráfs. |
||
| 590 |
_aBATCH-UPD _b10 _c20130110 _lUCH01 _h1112 |
||
| 590 |
_aBATCH-UPD _b10 _c20130410 _lUCH01 _h0703 |
||
| 590 |
_aBATCH-UPD _b10 _c20130914 _lUCH01 _h0257 |
||
| 590 |
_aCONVERSION _b10 _c20130109 _lUCH01 _h1355 |
||
| 650 | 1 | 4 |
_aAdolescencia. _9954 |
| 650 | 1 | 4 |
_aDerecho social. _931910 |
| 650 | 1 | 4 |
_aDerechos humanos. _931916 |
| 650 | 1 | 4 |
_aNiños. _981369 |
| 901 | _aBK | ||
| 942 | _cLIBRO | ||
| 949 |
_a305.230972 Un31 _bBC _cLIBRO _d33724002229124 _eLIBRO _h14009 _i111914 _sb |
||
| 999 |
_c100255 _d100255 |
||